000 00657nas a2200217 4500
001 BR5400190
003 BR-BrBNA
005 20231205081939.0
007 ta
008 230509b bl.|||p| |||| 00| 00por d
040 _aBR-BrBNA
_bpor
_cBiblioteca Nacional de Agricultura
041 _a(Pt)
072 _aH20
100 1 _aFreire, J.R.J.
245 1 _aA pustula bacteriana da soja
_bApresentado no 6. Seminario Fitopatologico
650 _aPUSTULA BACTERIANA
650 _aSOJA
773 0 _tAgronomia Sulriograndense (Brazil)
_xISSN 0400-8111
_g(1954), v. 1(1-4) p. 57-60
_wBR5400190
909 _a202311
_bLúcia
_c55
_dLúcia Elande
942 _2AGRIS
_n0
_cANA
999 _c88042
_d88042